| Tag |
First Indicator |
Second Indicator |
Subfields |
| LEADER |
00000cas a2200000 i 4500 |
| 001 |
in00005645331 |
| 008 |
021205c19939999gw qr pso 0 a0eng c |
| 006 |
m o d |
| 007 |
cr un||||||||| |
| 005 |
20250617204853.1 |
| 010 |
|
|
|a 2006242165
|
| 035 |
|
|
|a (OCoLC)ocm51166627
|
| 035 |
|
|
|a (OCoLC)ocm51166627
|
| 040 |
|
|
|a TXU
|b eng
|e rda
|e pn
|c TXU
|d OCLCQ
|d OCL
|d OCLCQ
|d MYG
|d OCLCQ
|d OCLCF
|d DLC
|d EUM
|d OCLCQ
|d UBY
|d OCLCQ
|d U3W
|d OCLCQ
|
| 019 |
|
|
|a 51389830
|a 320298519
|a 753935663
|
| 022 |
|
|
|a 1569-397X
|l 0926-6364
|2 6
|
| 030 |
|
|
|a ROSECH
|
| 035 |
|
|
|a (OCoLC)51166627
|z (OCoLC)51389830
|z (OCoLC)320298519
|z (OCoLC)753935663
|
| 042 |
|
|
|a pcc
|
| 050 |
0 |
0 |
|a QA274.28
|
| 050 |
1 |
4 |
|a QA274.28
|b .R36
|
| 082 |
0 |
4 |
|a 519.205
|
| 210 |
0 |
|
|a Random oper. stoch. equ.
|b (Internet)
|
| 222 |
|
0 |
|a Random operators and stochastic equations
|b (Internet)
|
| 245 |
0 |
0 |
|a Random operators and stochastic equations.
|
| 264 |
|
1 |
|a Berlin :
|b De Gruyter
|
| 300 |
|
|
|a 1 online resource
|
| 310 |
|
|
|a Quarterly
|
| 336 |
|
|
|a text
|b txt
|2 rdacontent
|
| 337 |
|
|
|a computer
|b c
|2 rdamedia
|
| 338 |
|
|
|a online resource
|b cr
|2 rdacarrier
|
| 362 |
1 |
|
|a Print began with vol. 1, no. 1 (1993).
|
| 500 |
|
|
|a Print version published: Zeist, the Netherlands : VSP BV, 1993-
|
| 538 |
|
|
|a Mode of access: World Wide Web.
|
| 588 |
0 |
|
|a Vol. 1, no. 1 (1993); title from issue contents page (De Gruyter Online, viewed August 24, 2015).
|
| 588 |
1 |
|
|a Volume 28, issue 4 (Dec 2020) (De Gruyter Online, viewed January 26, 2021).
|
| 650 |
|
0 |
|a Random operators
|v Periodicals.
|
| 650 |
|
0 |
|a Stochastic differential equations
|v Periodicals.
|
| 650 |
|
7 |
|a Random operators.
|2 fast
|0 (OCoLC)fst01089809
|
| 650 |
|
7 |
|a Stochastic differential equations.
|2 fast
|0 (OCoLC)fst01133506
|
| 655 |
|
0 |
|a Electronic journals.
|
| 655 |
|
7 |
|a Periodicals.
|2 fast
|0 (OCoLC)fst01411641
|
| 655 |
|
7 |
|a Periodicals.
|2 lcgft
|
| 776 |
0 |
8 |
|i Print version:
|t Random operators and stochastic equations
|x 0926-6364
|w (DLC)sn 93023767
|w (OCoLC)28557215
|
| 850 |
|
|
|a DLC
|
| 029 |
1 |
|
|a AU@
|b 000040635982
|
| 029 |
1 |
|
|a AU@
|b 000044943707
|
| 029 |
1 |
|
|a AU@
|b 000045734341
|
| 029 |
1 |
|
|a EUM
|b oai:intute.ac.uk:20070920-231203
|c http://www.intute.ac.uk/oai/oai2.php sciences
|t DGCNT
|
| 029 |
1 |
|
|a NZ1
|b 12399139
|
| 029 |
1 |
|
|a NZ1
|b 16066756
|
| 029 |
1 |
|
|a OCLCS
|b 7230
|
| 029 |
1 |
|
|a OCLCS
|b OP-24938
|
| 029 |
1 |
|
|a ZWZ
|b 140041206
|
| 994 |
|
|
|a Z0
|b TXA
|
| 948 |
|
|
|h NO HOLDINGS IN TXA - 229 OTHER HOLDINGS
|
| 999 |
f |
f |
|i 21418813-6206-43e6-a1b1-ded826035da8
|s eff1ca67-16e5-4c56-9e81-9ac041b8d7cd
|t 0
|
| 952 |
f |
f |
|a Texas A&M University
|b College Station
|c Electronic Resources
|d Available Online
|t 0
|e QA274.28
|g Electronic
|h Library of Congress classification
|
| 998 |
f |
f |
|a QA274.28
|t 0
|l Available Online
|